000 00493nam a2200169 i 4500
001 38431
003 ES-MaACL
005 20230906155745.0
007 t|
008 030225s1972 sp ||||1| spa d
100 1 _aCabo, J.
_933230
245 1 0 _aBacteriología y potabilidad del agua Cabo de la Puente Catalán /
_cJ. Cabo.
250 _a[1ª ed.].
260 _a[S.l. :
_bs.n.,
_c1972] (
_eMadrid :
_fImp. de la Bolsa)
300 _a268 p. ;
_c22 cm.
852 _aES-MaACL
_jC-46266
_bR.83386
999 _c38431
_d38431